Statistics for Name a Pokémon of Every Type Combo - Gen VI

Click here to take the quiz!

General Stats

  • This quiz has been taken 22 times
  • The average score is 32 of 40

Answer Stats

Type Combo# of PokémonAnswer% Correct
Single-type PokémonBug2Scatterbug | Spewpa
94%
Single-type PokémonIce2Bergmite | Avalugg
88%
Single-type PokémonNormal2Bunnelby | Furfrou
88%
Dual-type PokémonRock/Fairy2Carbink | Diancie
88%
Single-type PokémonGrass4Chespin | Quilladin | Skiddo | Gogoat
88%
Dual-type PokémonElectric/Fairy1Dedenne
88%
Single-type PokémonPsychic2Espurr | Meowstic
88%
Single-type PokémonFire2Fennekin | Braixen
88%
Single-type PokémonFairy9Flabébé | Floette | Florges | Spritzee | Aromatisse | Swirlix | Slurpuff | Sylveon | Xerneas
88%
Dual-type PokémonFire/Flying2Fletchinder | Talonflame
88%
Single-type PokémonWater4Froakie | Frogadier | Clauncher | Clawitzer
88%
Single-type PokémonDragon3Goomy | Sliggoo | Goodra
88%
Dual-type PokémonWater/Dark1Greninja
88%
Dual-type PokémonFire/Normal2Litleo | Pyroar
88%
Dual-type PokémonGhost/Grass4Phantump | Trevenant | Pumpkaboo | Gourgeist
88%
Dual-type PokémonGrass/Fighting1Chesnaught
81%
Dual-type PokémonFire/Psychic1Delphox
81%
Dual-type PokémonNormal/Ground1Diggersby
81%
Dual-type PokémonNormal/Flying1Fletchling
81%
Dual-type PokémonFighting/Flying1Hawlucha
81%
Dual-type PokémonElectric/Normal2Helioptile | Heliolisk
81%
Dual-type PokémonSteel/Ghost3Honedge | Doublade | Aegislash
81%
Dual-type PokémonFlying/Dragon2Noibat | Noivern
81%
Dual-type PokémonRock/Dragon2Tyrunt | Tyrantrum
81%
Dual-type PokémonBug/Flying1Vivillon
81%
Dual-type PokémonFire/Water1Volcanion
81%
Dual-type PokémonDark/Flying1Yveltal
81%
Dual-type PokémonRock/Ice2Amaura | Aurorus
75%
Dual-type PokémonPoison/Dragon1Dragalge
75%
Dual-type PokémonPsychic/Ghost1Hoopa (Confined)
75%
Dual-type PokémonPsychic/Dark1Hoopa (Unbound)
75%
Dual-type PokémonDark/Psychic2Inkay | Malamar
75%
Single-type PokémonFighting1Pancham
75%
Dual-type PokémonFighting/Dark1Pangoro
75%
Dual-type PokémonPoison/Water1Skrelp
75%
Dual-type PokémonDragon/Ground1Zygarde
75%
Dual-type PokémonRock/Water2Binacle | Barbaracle
69%
Dual-type PokémonSteel/Fairy1Klefki
69%
Dual-type PokémonIce/Rock1Avalugg (Hisuian Form)
63%
Dual-type PokémonSteel/Dragon2Sliggoo (Hisuian Form) | Goodra (Hisuian Form)
63%

Score Distribution

Percentile by Number Answered

Percent of People with Each Score

Your Score History

You have not taken this quiz